[Event "Ch France 2018 Féminin"]
[Site "?"]
[Date "2018.08.26"]
[Round "6.4"]
[White "Navrotescu, Andreea-C"]
[Black "Bollengier, Andreea"]
[Result "1-0"]
[BlackElo "2219"]
[WhiteElo "2247"]
[LiveChessVersion "1.4.8"]

1. d4 {[%clk 1:30:15]} Nf6 {[%clk 1:30:51]} 2. c4 {[%clk 1:30:40]} e6
{[%clk 1:31:11]} 3. Nc3 {[%clk 1:31:02]} c5 {[%clk 1:31:37]} 4. d5
{[%clk 1:31:28]} exd5 {[%clk 1:32:02]} 5. cxd5 {[%clk 1:31:53]} d6
{[%clk 1:32:25]} 6. Nf3 {[%clk 1:32:14]} g6 {[%clk 1:32:50]} 7. Bf4
{[%clk 1:32:38]} a6 {[%clk 1:33:09]} 8. a4 {[%clk 1:33:04]} Bg7 {[%clk 1:33:33]}
9. h3 {[%clk 1:33:28]} O-O {[%clk 1:33:56]} 10. e3 {[%clk 1:33:52]} Re8
{[%clk 1:34:18]} 11. Nd2 {[%clk 1:33:55]} Nbd7 {[%clk 1:34:09]} 12. Be2
{[%clk 1:29:49]} Ne5 {[%clk 1:32:15]} 13. O-O {[%clk 1:28:45]} Nfd7
{[%clk 1:30:22]} 14. Bg3 {[%clk 1:25:11]} f5 {[%clk 1:29:07]} 15. Re1
{[%clk 1:19:45]} b6 {[%clk 1:12:12]} 16. f4 {[%clk 1:10:04]} Nf7 {[%clk 1:12:26]}
17. Bf3 {[%clk 1:09:26]} Nf6 {[%clk 1:12:03]} 18. e4 {[%clk 1:09:36]} fxe4
{[%clk 1:11:58]} 19. Ndxe4 {[%clk 1:09:55]} Nxe4 {[%clk 1:11:53]} 20. Bxe4
{[%clk 1:10:01]} Nh6 {[%clk 0:57:18]} 21. Bf2 {[%clk 1:03:50]} Nf5
{[%clk 0:57:03]} 22. g4 {[%clk 0:59:27]} Nd4 {[%clk 0:57:09]} 23. Qd3
{[%clk 0:59:25]} Bd7 {[%clk 0:43:25]} 24. Qg3 {[%clk 0:36:40]} Kh8
{[%clk 0:38:01]} 25. Bd3 {[%clk 0:35:21]} b5 {[%clk 0:23:49]} 26. Ne4
{[%clk 0:33:58]} c4 {[%clk 0:22:44]} 27. Ng5 {[%clk 0:23:50]} Qf6
{[%clk 0:22:20]} 28. Be4 {[%clk 0:19:16]} Nb3 {[%clk 0:11:53]} 29. Rad1
{[%clk 0:19:19]} Rac8 {[%clk 0:09:33]} 30. axb5 {[%clk 0:18:11]} axb5
{[%clk 0:09:54]} 31. Bc2 {[%clk 0:18:54]} Kg8 {[%clk 0:08:48]} 32. Bb1
{[%clk 0:13:23]} c3 {[%clk 0:05:55]} 33. bxc3 {[%clk 0:13:23]} Rxc3
{[%clk 0:06:05]} 34. Rxe8+ {[%clk 0:11:02]} Bxe8 {[%clk 0:06:35]} 35. Qh2
{[%clk 0:09:30]} Rc1 {[%clk 0:03:28]} 36. Rxc1 {[%clk 0:09:02]} Nxc1
{[%clk 0:03:58]} 37. Be3 {[%clk 0:09:18]} Qc3 {[%clk 0:03:32]} 38. Qd2
{[%clk 0:09:11]} Qxd2 {[%clk 0:02:52]} 39. Bxd2 {[%clk 0:09:39]} Ne2+
{[%clk 0:00:44]} 40. Kf2 {[%clk 0:09:57]} Nc3 {[%clk 0:01:08]} 41. Bc2
{[%clk 0:07:29]} b4 {[%clk 0:22:41]} 42. Kf3 {[%clk 0:19:37]} Nb5
{[%clk 0:11:39]} 43. Ne6 {[%clk 0:19:02]} Bc3 {[%clk 0:07:28]} 44. Ke3
{[%clk 0:15:53]} Bxd2+ {[%clk 0:04:57]} 45. Kxd2 {[%clk 0:16:22]} Nc3
{[%clk 0:05:23]} 46. Bb3 {[%clk 0:14:38]} Bb5 {[%clk 0:03:58]} 47. Nd4
{[%clk 0:14:10]} Bf1 {[%clk 0:04:27]} 48. h4 {[%clk 0:14:34]} Bh3
{[%clk 0:04:13]} 49. g5 {[%clk 0:14:57]} Bg2 {[%clk 0:04:39]} 50. Nc6
{[%clk 0:15:04]} Ne4+ {[%clk 0:03:52]} 51. Kc2 {[%clk 0:14:00]} Ng3
{[%clk 0:04:16]} 52. Nd4 {[%clk 0:12:51]} Kf7 {[%clk 0:03:50]} 53. Bc4
{[%clk 0:12:41]} Ne4 {[%clk 0:02:35]} 54. Nb5 {[%clk 0:10:07]} Ke7
{[%clk 0:02:36]} 55. Kb3 {[%clk 0:07:31]} Ng3 {[%clk 0:02:48]} 56. Nd4
{[%clk 0:07:43]} Nh5 {[%clk 0:02:43]} 57. f5 {[%clk 0:08:01]} gxf5
{[%clk 0:01:54]} 58. Nxf5+ {[%clk 0:08:30]} Kd7 {[%clk 0:02:21]} 59. Kxb4
{[%clk 0:08:04]} Nf4 {[%clk 0:02:34]} 60. Ne3 {[%clk 0:08:24]} Be4
{[%clk 0:02:44]} 61. Kc3 {[%clk 0:08:22]} Ng6 {[%clk 0:02:18]} 62. Kd4
{[%clk 0:08:27]} Bb1 {[%clk 0:01:59]} 63. Ng2 {[%clk 0:08:02]} Ne5
{[%clk 0:02:11]} 64. Be2 {[%clk 0:08:26]} Ke7 {[%clk 0:02:27]} 65. Nf4
{[%clk 0:07:35]} Kf7 {[%clk 0:01:46]} 66. Ke3 {[%clk 0:07:38]} Kg7
{[%clk 0:01:25]} 67. Bd3 {[%clk 0:05:06]} Ba2 {[%clk 0:01:54]} 68. Be4
{[%clk 0:04:40]} h6 {[%clk 0:00:39]} 69. Ne6+ {[%clk 0:04:14]} Kf7
{[%clk 0:00:56]} 70. gxh6 {[%clk 0:04:23]} Ng4+ {[%clk 0:01:25]} 71. Kf4
{[%clk 0:04:46]} Nxh6 {[%clk 0:01:55]} 72. Kg5 {[%clk 0:05:04]} Ng8
{[%clk 0:02:12]} 73. h5 {[%clk 0:04:41]} Nf6 {[%clk 0:02:33]} 74. Nd8+
{[%clk 0:04:58]} Ke7 {[%clk 0:02:09]} 75. Nc6+ {[%clk 0:05:23]} Kf7
{[%clk 0:02:37]} 76. Bg6+ {[%clk 0:05:44]} Kg7 {[%clk 0:02:35]} 77. h6+
{[%clk 0:06:08]} Kh8 {[%clk 0:03:04]} 78. Kxf6 {[%clk 0:06:32]} Bxd5
{[%clk 0:03:33]} 79. Ne7 {[%clk 0:06:27]} Bb3 {[%clk 0:02:54]} 80. Bf5
{[%clk 0:06:28]} Ba2 {[%clk 0:02:15]} 81. Ng6+ {[%clk 0:06:09]} Kh7
{[%clk 0:02:37]} 82. Kg5 {[%clk 0:06:31]} Bg8 {[%clk 0:01:54]} 83. Be4
{[%clk 0:04:39]} d5 {[%clk 0:01:54]} 84. Bf5 {[%clk 0:04:02]} d4 {[%clk 0:02:18]}
85. Bd3 {[%clk 0:04:19]} Bb3 {[%clk 0:02:20]} 86. Ne5+ {[%clk 0:04:13]} Kh8
{[%clk 0:01:58]} 87. Nc6 {[%clk 0:01:22]} Bg8 {[%clk 0:01:34]} 88. Nxd4
{[%clk 0:01:47]} Bf7 {[%clk 0:01:43]} 89. Nf3 {[%clk 0:02:06]} Bd5
{[%clk 0:01:49]} 90. Ne5 {[%clk 0:02:31]} Bb3 {[%clk 0:01:53]} 91. Bc4
{[%clk 0:02:40]} Bc2 {[%clk 0:02:16]} 92. Kh5 {[%clk 0:02:48]} Bb1
{[%clk 0:02:02]} 93. Bd3 {[%clk 0:02:24]} Ba2 {[%clk 0:02:30]} 94. Ng6+
{[%clk 0:02:16]} Kh7 {[%clk 0:02:32]} 95. Ne7+ {[%clk 0:02:22]} Kh8
{[%clk 0:03:00]} 96. Kg5 {[%clk 0:01:34]} Bb3 {[%clk 0:03:27]} 97. Be4
{[%clk 0:01:05]} Ba2 {[%clk 0:03:50]} 98. Ng6+ {[%clk 0:01:19]} Kh7
{[%clk 0:04:12]} 99. Nf4+ {[%clk 0:01:07]} Kh8 {[%clk 0:04:36]} 100. Bd5
{[%clk 0:00:41]} Bb1 {[%clk 0:05:00]} 101. Bf7 {[%clk 0:01:07]} Bc2
{[%clk 0:05:18]} 102. Ba2 {[%clk 0:01:33]} Be4 {[%clk 0:05:36]} 103. Bb3
{[%clk 0:01:32]} Bb1 {[%clk 0:05:59]} 104. Ne2 {[%clk 0:01:29]} Bd3
{[%clk 0:06:23]} 105. Nd4 {[%clk 0:01:51]} Bb1 {[%clk 0:06:32]} 106. Nc6
{[%clk 0:02:06]} Bd3 {[%clk 0:06:21]} 107. Ne5 {[%clk 0:02:32]} Bb1
{[%clk 0:06:38]} 108. Be6 {[%clk 0:02:38]} Bc2 {[%clk 0:06:59]} 109. Bf5
{[%clk 0:02:34]} Bb3 {[%clk 0:07:24]} 110. Ng6+ {[%clk 0:02:59]} Kh7
{[%clk 0:07:28]} 111. Ne7+ {[%clk 0:03:17]} Kh8 {[%clk 0:07:53]} 112. h7
{[%clk 0:03:22]} Kg7 {[%clk 0:07:58]} 113. Bg6 {[%clk 0:03:17]} Be6
{[%clk 0:07:22]} 114. Nc6 {[%clk 0:03:28]} Bd7 {[%clk 0:05:01]} 115. Nd4
{[%clk 0:03:56]} Bc8 {[%clk 0:05:10]} 116. Ne2 {[%clk 0:04:26]} Be6
{[%clk 0:03:51]} 117. Ng3 {[%clk 0:04:52]} Bd7 {[%clk 0:03:20]} 118. Nh5+
{[%clk 0:05:00]} Kh8 {[%clk 0:03:49]} 119. Be4 {[%clk 0:04:21]} Be8
{[%clk 0:03:06]} 120. Nf6 {[%clk 0:04:41]} Bf7 {[%clk 0:03:11]} 121. Ng4
{[%clk 0:03:31]} Kg7 {[%clk 0:02:59]} 122. Ne5 {[%clk 0:03:53]} Bb3
{[%clk 0:01:15]} 123. Nc6 {[%clk 0:04:03]} Ba2 {[%clk 0:01:29]} 124. Nd4
{[%clk 0:04:32]} Bc4 {[%clk 0:00:56]} 125. Nf5+ {[%clk 0:04:54]} Kh8
{[%clk 0:01:07]} 126. Nd6 {[%clk 0:05:16]} Ba2 {[%clk 0:01:17]} 127. Kh6
{[%clk 0:05:39]} Bd5 {[%clk 0:01:19]} 128. Bg6 {[%clk 0:06:02]} Bb3
{[%clk 0:01:19]} 129. Kg5 {[%clk 0:04:28]} Kg7 {[%clk 0:01:11]} 130. Nf5+
{[%clk 0:04:53]} Kh8 {[%clk 0:01:35]} 131. Nd4 {[%clk 0:05:18]} Ba2
{[%clk 0:01:38]} 132. Nf3 {[%clk 0:05:36]} Kg7 {[%clk 0:01:45]} 133. Nd4
{[%clk 0:05:37]} Bc4 {[%clk 0:01:21]} 134. Nf5+ {[%clk 0:06:03]} Kh8
{[%clk 0:01:48]} 135. Nd6 {[%clk 0:06:31]} Ba2 {[%clk 0:02:09]} 136. Bc2
{[%clk 0:05:33]} Kg7 {[%clk 0:02:26]} 137. Ne8+ {[%clk 0:05:38]} Kh8
{[%clk 0:02:47]} 138. Nf6 {[%clk 0:06:07]} Kg7 {[%clk 0:02:55]} 139. Nh5+
{[%clk 0:04:52]} Kh8 {[%clk 0:03:20]} 140. Nf4 {[%clk 0:04:03]} Kg7
{[%clk 0:03:36]} 141. Kg4 {[%clk 0:03:16]} Bc4 {[%clk 0:03:46]} 142. Kf3
{[%clk 0:03:43]} Ba2 {[%clk 0:04:00]} 143. Ke3 {[%clk 0:04:12]} Bc4
{[%clk 0:04:04]} 144. Kd4 {[%clk 0:04:41]} Ba2 {[%clk 0:04:22]} 145. Ke5
{[%clk 0:05:06]} Bc4 {[%clk 0:04:16]} 146. Kd6 {[%clk 0:05:35]} Ba2
{[%clk 0:04:25]} 147. Ke7 {[%clk 0:05:38]} Bc4 {[%clk 0:03:37]} 148. Nh5+
{[%clk 0:05:57]} Kh8 {[%clk 0:04:02]} 149. Nf4 {[%clk 0:05:17]} Ba2
{[%clk 0:04:00]} 150. Nd3 {[%clk 0:05:43]} Kg7 {[%clk 0:04:00]} 151. Ne5
{[%clk 0:06:08]} Kh8 {[%clk 0:01:18]} 152. Kf6 {[%clk 0:06:25]} Bd5
{[%clk 0:01:07]} 153. Ng6+ {[%clk 0:06:50]} Kxh7 {[%clk 0:01:36]} 154. Nf4+
{[%clk 0:07:15]} Kh6 {[%clk 0:01:49]} 155. Nxd5 {[%clk 0:07:44]} Kh5
{[%clk 0:02:18]} 156. Bf5 {[%clk 0:07:26]} Kh4 {[%clk 0:02:38]} 157. Nf4
{[%clk 0:07:39]} Kg3 {[%clk 0:03:03]} 158. Ke5 {[%clk 0:08:08]} Kf3
{[%clk 0:03:23]} 159. Nd5 {[%clk 0:08:00]} Ke2 {[%clk 0:03:33]} 160. Kd4
{[%clk 0:08:12]} Kf3 {[%clk 0:03:08]} 161. Be4+ {[%clk 0:08:22]} Ke2
{[%clk 0:02:17]} 162. Bd3+ {[%clk 0:07:13]} Kf3 {[%clk 0:02:42]} 163. Bc4
{[%clk 0:07:20]} Kg4 {[%clk 0:03:02]} 164. Ke4 {[%clk 0:07:30]} Kg5
{[%clk 0:03:25]} 165. Ke5 {[%clk 0:07:10]} Kg6 {[%clk 0:03:36]} 166. Ne7+
{[%clk 0:07:31]} Kg7 {[%clk 0:03:17]} 167. Kf5 {[%clk 0:07:55]} Kf8
{[%clk 0:03:24]} 168. Kf6 {[%clk 0:07:29]} Ke8 {[%clk 0:03:48]} 169. Bb5+
{[%clk 0:07:39]} Kd8 {[%clk 0:03:56]} 170. Nd5 {[%clk 0:07:56]} Kc8
{[%clk 0:04:18]} 171. Ke7 {[%clk 0:08:14]} Kb7 {[%clk 0:04:44]} 172. Kd7
{[%clk 0:08:33]} Kb8 {[%clk 0:04:08]} 173. Nb6 {[%clk 0:06:31]} Kb7
{[%clk 0:04:31]} 174. Nc8 {[%clk 0:06:53]} Kb8 {[%clk 0:04:36]} 175. Ba6
{[%clk 0:07:07]} Ka8 {[%clk 0:04:57]} 176. Kc6 {[%clk 0:07:33]} Kb8
{[%clk 0:05:22]} 177. Kb6 {[%clk 0:07:55]} Ka8 {[%clk 0:05:46]} 178. Ne7
{[%clk 0:08:16]} 1-0

[Event "Ch France 2018 Féminin"]
[Site "?"]
[Date "2018.08.26"]
[Round "7.1"]
[White "Bollengier, Andreea"]
[Black "Milliet, Sophie"]
[Result "0-1"]
[BlackElo "2389"]
[WhiteElo "2219"]
[LiveChessVersion "1.4.8"]

1. d4 Nf6 {[%clk 1:28:39]} 2. Nf3 {[%clk 1:30:49]} g6 {[%clk 1:29:04]} 3. Bg5
{[%clk 1:31:13]} Bg7 {[%clk 1:29:26]} 4. Nbd2 {[%clk 1:30:26]} O-O
{[%clk 1:28:45]} 5. e4 {[%clk 1:28:25]} d5 {[%clk 1:28:42]} 6. exd5
{[%clk 1:24:41]} Nxd5 {[%clk 1:28:24]} 7. Bc4 {[%clk 1:20:40]} c5
{[%clk 1:19:21]} 8. O-O {[%clk 1:15:36]} cxd4 {[%clk 1:16:03]} 9. Bxd5
{[%clk 1:15:42]} Qxd5 {[%clk 1:16:25]} 10. Bxe7 {[%clk 1:16:06]} Re8
{[%clk 1:16:52]} 11. Ba3 {[%clk 1:10:30]} Nc6 {[%clk 1:15:37]} 12. Re1
{[%clk 1:02:09]} Bf5 {[%clk 1:09:14]} 13. h3 {[%clk 0:55:47]} b5 {[%clk 1:04:39]}
14. b4 {[%clk 0:50:04]} d3 {[%clk 1:00:03]} 15. cxd3 {[%clk 0:50:10]} Qxd3
{[%clk 0:58:58]} 16. Nb3 {[%clk 0:48:11]} Bxa1 {[%clk 0:55:19]} 17. Qxa1
{[%clk 0:48:36]} Rxe1+ {[%clk 0:54:48]} 18. Qxe1 {[%clk 0:43:30]} Rd8
{[%clk 0:54:25]} 19. Kh2 {[%clk 0:42:01]} Qd6+ {[%clk 0:50:47]} 20. g3
{[%clk 0:42:27]} Qd3 {[%clk 0:43:56]} 21. Nh4 {[%clk 0:20:42]} Be6
{[%clk 0:40:02]} 22. Bc1 {[%clk 0:18:07]} Qd1 {[%clk 0:28:34]} 23. Qc3
{[%clk 0:13:07]} Bd5 {[%clk 0:27:57]} 24. g4 {[%clk 0:12:18]} Qh1+
{[%clk 0:27:46]} 25. Kg3 {[%clk 0:12:44]} Qg1+ {[%clk 0:28:12]} 0-1

[Event "Ch France 2018 Féminin"]
[Site "?"]
[Date "2018.08.26"]
[Round "7.2"]
[White "Monpeurt, Cyrielle"]
[Black "Guichard, Pauline"]
[Result "0-1"]
[BlackElo "2365"]
[WhiteElo "2175"]
[LiveChessVersion "1.4.8"]

1. e4 {[%clk 1:30:55]} e5 {[%clk 1:30:43]} 2. Bc4 {[%clk 1:31:07]} Nf6
{[%clk 1:29:47]} 3. d3 {[%clk 1:31:16]} Nc6 {[%clk 1:28:19]} 4. Nc3
{[%clk 1:31:20]} Na5 {[%clk 1:22:18]} 5. Qf3 {[%clk 1:31:02]} c6 {[%clk 1:15:49]}
6. Nge2 {[%clk 1:25:38]} b5 {[%clk 1:07:41]} 7. Bb3 {[%clk 1:26:03]} Bc5
{[%clk 1:08:02]} 8. h3 {[%clk 1:19:27]} d6 {[%clk 1:05:17]} 9. Ng3
{[%clk 1:12:28]} Nxb3 {[%clk 0:58:45]} 10. axb3 {[%clk 1:12:52]} Be6
{[%clk 0:59:12]} 11. Nf5 {[%clk 1:10:07]} Bxf5 {[%clk 0:59:05]} 12. Qxf5
{[%clk 1:10:35]} Qd7 {[%clk 0:58:29]} 13. Qg5 {[%clk 1:05:13]} O-O
{[%clk 0:58:21]} 14. O-O {[%clk 1:03:55]} a5 {[%clk 0:56:06]} 15. Kh1
{[%clk 1:02:15]} Ne8 {[%clk 0:52:01]} 16. f4 {[%clk 0:55:27]} f6 {[%clk 0:52:18]}
17. Qh4 {[%clk 0:55:26]} Nc7 {[%clk 0:51:41]} 18. Ne2 {[%clk 0:49:32]} d5
{[%clk 0:49:01]} 19. f5 {[%clk 0:35:18]} Ne8 {[%clk 0:43:59]} 20. Ng3
{[%clk 0:35:24]} Nd6 {[%clk 0:35:12]} 21. Bd2 {[%clk 0:33:28]} a4
{[%clk 0:34:48]} 22. b4 {[%clk 0:25:10]} Bd4 {[%clk 0:33:54]} 23. Ra2
{[%clk 0:22:32]} dxe4 {[%clk 0:30:43]} 24. Nxe4 {[%clk 0:19:19]} Nxf5
{[%clk 0:23:56]} 25. Qg4 {[%clk 0:19:44]} g6 {[%clk 0:24:02]} 26. b3
{[%clk 0:16:11]} Kh8 {[%clk 0:19:18]} 27. Qf3 {[%clk 0:12:10]} Qe6
{[%clk 0:17:31]} 28. c3 {[%clk 0:10:19]} Bb6 {[%clk 0:14:17]} 29. g4
{[%clk 0:10:17]} Nh4 {[%clk 0:11:17]} 30. Qg3 {[%clk 0:10:39]} g5
{[%clk 0:10:58]} 31. Raa1 {[%clk 0:09:09]} axb3 {[%clk 0:08:40]} 32. Rxa8
{[%clk 0:06:22]} Rxa8 {[%clk 0:09:06]} 33. Nxf6 {[%clk 0:04:42]} b2
{[%clk 0:06:43]} 34. Nh5 {[%clk 0:03:56]} b1=Q {[%clk 0:04:57]} 35. Rxb1
{[%clk 0:04:15]} Qd5+ {[%clk 0:05:21]} 0-1

[Event "Ch France 2018 Féminin"]
[Site "?"]
[Date "2018.08.26"]
[Round "7.3"]
[White "Leconte, Maria"]
[Black "Navrotescu, Andreea-C"]
[Result "1-0"]
[BlackElo "2247"]
[WhiteElo "2224"]
[LiveChessVersion "1.4.8"]

1. e4 {[%clk 1:26:58]} e5 {[%clk 1:30:55]} 2. Nf3 {[%clk 1:24:54]} Nc6
{[%clk 1:31:21]} 3. Nc3 {[%clk 1:25:12]} Nf6 {[%clk 1:31:41]} 4. Bb5
{[%clk 1:24:40]} Bd6 {[%clk 1:31:56]} 5. d3 {[%clk 1:24:54]} a6 {[%clk 1:32:16]}
6. Bc4 {[%clk 1:22:13]} h6 {[%clk 1:31:35]} 7. a3 {[%clk 1:21:56]} b5
{[%clk 1:28:56]} 8. Ba2 {[%clk 1:21:11]} Bc5 {[%clk 1:29:07]} 9. Nxe5
{[%clk 1:06:22]} Nxe5 {[%clk 1:26:34]} 10. d4 {[%clk 1:06:47]} Bd6
{[%clk 1:26:52]} 11. f4 {[%clk 1:04:43]} Nc4 {[%clk 1:21:37]} 12. e5
{[%clk 1:02:09]} O-O {[%clk 1:14:57]} 13. O-O {[%clk 1:00:27]} Be7
{[%clk 1:11:35]} 14. exf6 {[%clk 0:41:20]} Bxf6 {[%clk 1:11:58]} 15. Bxc4
{[%clk 0:41:37]} bxc4 {[%clk 1:12:26]} 16. Nd5 {[%clk 0:41:44]} Bb7
{[%clk 1:10:46]} 17. Ne3 {[%clk 0:36:28]} Qe7 {[%clk 1:08:40]} 18. c3
{[%clk 0:36:47]} Qe4 {[%clk 1:06:01]} 19. Qg4 {[%clk 0:35:14]} c5
{[%clk 0:58:55]} 20. d5 {[%clk 0:26:44]} Bxd5 {[%clk 0:47:47]} 21. Nxd5
{[%clk 0:27:08]} Qxd5 {[%clk 0:48:16]} 22. f5 {[%clk 0:27:25]} Kh7
{[%clk 0:47:18]} 23. Rd1 {[%clk 0:27:20]} Qe5 {[%clk 0:46:02]} 24. Qxc4
{[%clk 0:27:11]} Qxf5 {[%clk 0:45:05]} 25. Be3 {[%clk 0:19:16]} Rfe8
{[%clk 0:40:43]} 26. Bxc5 {[%clk 0:18:39]} Re4 {[%clk 0:35:28]} 27. Bd4
{[%clk 0:15:55]} Rae8 {[%clk 0:27:23]} 28. Rf1 {[%clk 0:16:00]} Qg6
{[%clk 0:25:04]} 29. Rad1 {[%clk 0:06:36]} Re2 {[%clk 0:22:38]} 30. Bf2
{[%clk 0:06:20]} Rxb2 {[%clk 0:21:59]} 31. Rxd7 {[%clk 0:06:17]} Ree2
{[%clk 0:21:55]} 32. Rxf7 {[%clk 0:05:41]} Re4 {[%clk 0:12:08]} 33. Qd3
{[%clk 0:03:25]} Be5 {[%clk 0:11:48]} 34. Bg3 {[%clk 0:02:29]} Bxg3
{[%clk 0:11:22]} 35. hxg3 {[%clk 0:02:07]} Rb5 {[%clk 0:08:42]} 36. R7f4
{[%clk 0:02:05]} Rbe5 {[%clk 0:07:43]} 37. c4 {[%clk 0:02:21]} h5
{[%clk 0:03:29]} 38. Rxe4 {[%clk 0:02:36]} Rxe4 {[%clk 0:03:57]} 39. c5
{[%clk 0:01:57]} Kh6 {[%clk 0:03:05]} 40. Qd2+ {[%clk 0:02:18]} Kh7
{[%clk 0:03:29]} 41. Rf4 {[%clk 0:25:46]} Re5 {[%clk 0:32:11]} 42. Qc3
{[%clk 0:21:50]} Rg5 {[%clk 0:26:16]} 43. Kh2 {[%clk 0:21:32]} Qc6
{[%clk 0:26:23]} 44. Qc2+ {[%clk 0:19:40]} Kg8 {[%clk 0:25:07]} 45. Rf5
{[%clk 0:18:46]} Rg6 {[%clk 0:21:28]} 46. Rxh5 {[%clk 0:16:23]} Rh6
{[%clk 0:21:57]} 47. g4 {[%clk 0:14:46]} Qf6 {[%clk 0:20:38]} 48. Qc4+
{[%clk 0:13:00]} Kf8 {[%clk 0:20:14]} 49. Qe4 {[%clk 0:11:15]} Kg8
{[%clk 0:14:59]} 50. Qe8+ {[%clk 0:08:39]} Kh7 {[%clk 0:15:28]} 51. Rxh6+
{[%clk 0:09:01]} gxh6 {[%clk 0:15:57]} 52. Qe4+ {[%clk 0:09:11]} Kg7
{[%clk 0:16:13]} 53. c6 {[%clk 0:08:44]} Qd6+ {[%clk 0:16:39]} 54. g3
{[%clk 0:08:11]} Qxa3 {[%clk 0:13:44]} 55. Qe5+ {[%clk 0:06:38]} Kg6
{[%clk 0:11:10]} 56. c7 {[%clk 0:06:30]} Qa2+ {[%clk 0:11:36]} 57. Kg1
{[%clk 0:06:15]} Qb1+ {[%clk 0:11:53]} 58. Kf2 {[%clk 0:06:39]} Qc2+
{[%clk 0:11:45]} 59. Ke3 {[%clk 0:06:34]} Qc1+ {[%clk 0:11:41]} 60. Kd4
{[%clk 0:06:55]} Qd1+ {[%clk 0:11:26]} 61. Kc5 {[%clk 0:07:09]} Qxg4
{[%clk 0:10:38]} 62. Qe8+ {[%clk 0:07:05]} Kf6 {[%clk 0:10:48]} 63. Qf8+
{[%clk 0:06:51]} Ke5 {[%clk 0:10:40]} 64. Qe7+ {[%clk 0:06:27]} Kd5+ 1-0

[Event "Ch France 2018 Féminin"]
[Site "?"]
[Date "2018.08.26"]
[Round "7.4"]
[White "Haussernot, Cecile"]
[Black "Afraoui, Anaelle"]
[Result "0-1"]
[BlackElo "2041"]
[WhiteElo "2198"]
[LiveChessVersion "1.4.8"]

1. e4 {[%clk 1:24:01]} c5 {[%clk 1:30:50]} 2. Nf3 {[%clk 1:24:02]} Nc6
{[%clk 1:31:12]} 3. d4 {[%clk 1:24:19]} cxd4 {[%clk 1:31:35]} 4. Nxd4
{[%clk 1:24:42]} Nf6 5. Nc3 {[%clk 1:25:06]} d6 {[%clk 1:28:25]} 6. Bg5
{[%clk 1:25:06]} e6 {[%clk 1:28:08]} 7. Qd2 {[%clk 1:25:32]} Be7 {[%clk 1:27:40]}
8. O-O-O {[%clk 1:21:50]} a6 {[%clk 1:25:24]} 9. f4 {[%clk 1:21:25]} Bd7
{[%clk 1:21:53]} 10. Nf3 {[%clk 1:15:58]} h6 {[%clk 1:19:38]} 11. Bh4
{[%clk 1:14:55]} b5 {[%clk 1:15:40]} 12. Bd3 {[%clk 1:11:47]} b4 {[%clk 1:10:23]}
13. Ne2 {[%clk 1:11:38]} Qa5 {[%clk 1:08:06]} 14. Kb1 {[%clk 1:11:33]} Rd8
{[%clk 1:02:55]} 15. Nc1 {[%clk 1:01:02]} Qb6 {[%clk 0:58:58]} 16. Qe2
{[%clk 0:53:18]} a5 {[%clk 0:57:26]} 17. g4 {[%clk 0:50:07]} Na7 {[%clk 0:49:22]}
18. g5 {[%clk 0:44:26]} hxg5 {[%clk 0:45:50]} 19. Bf2 {[%clk 0:43:27]} Qb8
{[%clk 0:45:20]} 20. Nxg5 {[%clk 0:41:43]} Nb5 {[%clk 0:43:18]} 21. e5
{[%clk 0:41:04]} dxe5 {[%clk 0:34:02]} 22. Nxf7 {[%clk 0:19:55]} Kxf7
{[%clk 0:25:37]} 23. fxe5 {[%clk 0:20:15]} Nd5 {[%clk 0:22:10]} 24. Qg4
{[%clk 0:20:01]} Qxe5 {[%clk 0:18:11]} 25. Qg6+ {[%clk 0:13:53]} Kg8
{[%clk 0:17:26]} 26. Bxb5 {[%clk 0:12:36]} Bxb5 {[%clk 0:16:07]} 27. Bd4
{[%clk 0:12:57]} Nf4 {[%clk 0:15:31]} 28. Qg1 {[%clk 0:13:23]} Qg5
{[%clk 0:15:44]} 29. Qe3 {[%clk 0:13:48]} Rh7 {[%clk 0:11:11]} 30. Rhg1
{[%clk 0:12:23]} Qf5 {[%clk 0:10:52]} 31. Qg3 {[%clk 0:11:22]} e5
{[%clk 0:10:33]} 32. Bb6 {[%clk 0:09:46]} Rxd1 {[%clk 0:10:17]} 33. Rxd1
{[%clk 0:10:12]} a4 {[%clk 0:09:47]} 34. Qe3 {[%clk 0:09:39]} Rxh2 0-1

[Event "Ch France 2018 Féminin"]
[Site "?"]
[Date "2018.08.26"]
[Round "7.5"]
[White "Safranska, Anda"]
[Black "Benmesbah, Natacha"]
[Result "0-1"]
[BlackElo "2255"]
[WhiteElo "2193"]
[LiveChessVersion "1.4.8"]

1. e4 {[%clk 1:30:52]} c5 {[%clk 1:30:42]} 2. g3 {[%clk 1:30:58]} d5
{[%clk 1:27:13]} 3. exd5 {[%clk 1:31:22]} Qxd5 {[%clk 1:27:38]} 4. Nf3
{[%clk 1:31:44]} Bg4 {[%clk 1:26:20]} 5. Bg2 {[%clk 1:32:09]} Nc6
{[%clk 1:26:04]} 6. h3 {[%clk 1:32:33]} Qe6+ {[%clk 1:23:27]} 7. Kf1
{[%clk 1:32:57]} Bh5 {[%clk 1:22:22]} 8. d3 {[%clk 1:33:15]} Qd7 {[%clk 1:18:21]}
9. Na3 {[%clk 1:30:38]} e5 {[%clk 1:09:27]} 10. Nxe5 {[%clk 1:28:05]} Bxd1
{[%clk 1:09:31]} 11. Nxd7 {[%clk 1:28:32]} Kxd7 {[%clk 1:09:42]} 12. g4
{[%clk 1:07:34]} Nd4 {[%clk 1:08:04]} 13. c3 {[%clk 1:07:38]} Nc2
{[%clk 1:06:17]} 14. Bxb7 {[%clk 1:00:14]} Rb8 {[%clk 1:05:14]} 15. Nxc2
{[%clk 0:59:05]} Rxb7 {[%clk 1:05:37]} 16. Ne1 {[%clk 0:59:07]} Ba4
{[%clk 1:05:35]} 17. b3 {[%clk 0:59:10]} Bc6 {[%clk 1:05:53]} 18. f3
{[%clk 0:59:35]} Bd6 {[%clk 1:04:26]} 19. Kf2 {[%clk 0:59:56]} Ne7
{[%clk 1:04:24]} 20. Ng2 {[%clk 0:59:52]} Nd5 {[%clk 1:02:20]} 21. Bd2
{[%clk 1:00:02]} Re8 {[%clk 1:01:59]} 22. Rab1 {[%clk 0:58:13]} Kc8
{[%clk 1:01:49]} 23. Rhe1 {[%clk 0:57:26]} Rbe7 {[%clk 1:01:50]} 24. Rxe7
{[%clk 0:57:46]} Rxe7 {[%clk 1:02:16]} 25. a3 {[%clk 0:58:06]} f6
{[%clk 0:58:46]} 26. b4 {[%clk 0:51:41]} g5 {[%clk 0:56:38]} 27. c4
{[%clk 0:50:56]} Nf4 {[%clk 0:56:51]} 28. Nxf4 {[%clk 0:49:39]} Bxf4
{[%clk 0:57:17]} 29. Re1 {[%clk 0:48:20]} Rxe1 {[%clk 0:52:14]} 30. Bxe1
{[%clk 0:48:46]} Be5 {[%clk 0:52:31]} 31. b5 {[%clk 0:49:02]} Bb7
{[%clk 0:49:29]} 32. a4 {[%clk 0:49:27]} Kd7 {[%clk 0:47:44]} 33. Ke2
{[%clk 0:48:58]} Ke6 {[%clk 0:46:52]} 34. Bf2 {[%clk 0:49:19]} Kd6
{[%clk 0:45:51]} 35. Be1 {[%clk 0:49:43]} a6 {[%clk 0:44:15]} 36. Ke3
{[%clk 0:49:22]} axb5 {[%clk 0:43:08]} 37. axb5 {[%clk 0:49:48]} Bc8
{[%clk 0:37:22]} 38. Ke2 {[%clk 0:50:10]} h5 {[%clk 0:35:44]} 39. Bd2
{[%clk 0:45:33]} h4 {[%clk 0:34:00]} 40. Be3 {[%clk 0:44:29]} Bd4
{[%clk 0:31:42]} 41. Bd2 {[%clk 0:44:44]} Ke5 {[%clk 0:31:06]} 42. Bc1
{[%clk 0:44:50]} Bb7 {[%clk 0:30:37]} 43. Bd2 {[%clk 0:45:09]} Ke6
{[%clk 0:28:07]} 44. Bc1 {[%clk 0:44:23]} Kf7 {[%clk 0:27:16]} 45. f4
{[%clk 0:38:13]} f5 {[%clk 0:19:13]} 0-1